| 000 | 01170cam a2200337 i 4500 | ||
|---|---|---|---|
| 999 |
_c200447133 _d65345 |
||
| 001 | 36494194 | ||
| 003 | TR-AnTOB | ||
| 005 | 20240824073710.0 | ||
| 007 | ta | ||
| 008 | 970306s1997 fr a b 000 0 eng d | ||
| 020 | _a9264153993 (v.12) | ||
| 035 | _a(OCoLC)36494194 | ||
| 040 |
_aV5E _beng _erda _cV5E _dIXA _dGZM _dEEM _dUtOrBLW _dTR-AnTOB |
||
| 041 | 0 | _aeng | |
| 050 | 4 |
_aHD2341 _b.G56 1997 |
|
| 090 |
_aHD2341 _b.G56 1997 |
||
| 245 | 0 | 0 | _aGlobalisation and small and medium enterprises (SMEs). |
| 264 | 1 |
_aParis : _bOrganisation for Economic Co-operation and Development, _c1997. |
|
| 300 |
_a2 volumes : _bgraphics, tables, illustrations ; _c30 cm |
||
| 336 |
_atext _btxt _2rdacontent. |
||
| 337 |
_aunmediated _bn _2rdamedia. |
||
| 338 |
_avolume _bnc _2rdacarrier. |
||
| 505 | 0 | _av. 1. Synthesis report -- v. 2. Country studies. | |
| 650 | 0 | 0 |
_aSmall business _91825 |
| 650 | 0 | 0 |
_aInternational economic relations _0http://id.loc.gov/authorities/subjects/sh85067395. _917913 |
| 710 | 2 |
_aOrganisation for Economic Co-operation and Development _933753 |
|
| 942 |
_2lcc _cBK |
||